Festival de valores Candelaria /
| Materiálatiipa: | Elektrovnnalaš |
|---|---|
| Giella: | espánnjágiella |
| Almmustuhtton: |
[Lugar de publicación no identificado] :
[Productor no identificado],
2005
|
| Fáttát: |
MARC
| LEADER | 00000nmm a2200000 a 4500 | ||
|---|---|---|---|
| 008 | 180919b2007 ||||| |||| 00| | spa d | ||
| 999 | |c 2424 |d 2424 | ||
| 090 | |a CD # 154 | ||
| 245 | 1 | 0 | |a Festival de valores Candelaria / |
| 260 | |a [Lugar de publicación no identificado] : |b [Productor no identificado], |c 2005 | ||
| 300 | |a Disco Compacto | ||
| 650 | 1 | 4 | |a EDUCACIÓN EN VALORES |9 719 |
| 650 | 1 | 4 | |a ESCUELAS |9 300 |
| 650 | 1 | 4 | |a NIÑOS |9 59 |
| 650 | 1 | 4 | |a NIÑAS |9 60 |
| 942 | |i 003455 ,003456 |h CD # 154 |2 z |c 08 | ||
